00398pab a2200145 454500008004000000100001600040245006400056260000900120300001300129362000800142650003600150650002800186700002200214773001600236180718b2011 xxu||||| |||| 00| 0 eng d aPerumal, M. aAgencies for calculating agricultural productivity in India c2011 ap.17-20. aDec aAgricultural production - India aAgricultural production aSoundararajan, P. aKurukshetra